000 00612nam a2200217 4500
001 30152
003 BD-RjUL
005 20211209051524.0
008 140409s1912 nyuf 000 1 eng d
035 _a(BD-RjUL)30237
035 _a(BD-RjUL)
040 _aANL
_beng
_cANL
_dBD-RjUL
041 _aeng
082 0 4 _a823.912
_220
_bPEW 1912
100 1 _aPemberton, Max,
_d1863-1950.
_991672
245 1 0 _aWar and the woman /
_cMax Pemberton.
260 _aLondon :
_bCassell,
_c1912.
300 _aviii, 304 p., [1] col. plate ;
_c19 cm.
650 0 _aEuropean federation
_xFiction.
_991673
942 _2ddc
_cBK
999 _c30152
_d30152